[Event "Statoil Cup"]
[Site "Denmark"]
[Date "1995.??.??"]
[Round "8"]
[White "Izsak, Gyula"]
[Black "Ziegler, Ari"]
[Result "1-0"]
[WhiteElo "2445"]
[BlackElo "2305"]
[PlyCount "165"]
[EventDate "1995.??.??"]
[EventType "tourn"]
[EventRounds "9"]
[EventCountry "DEN"]
[SourceTitle "EXT 1999"]
[Source "ChessBase"]
[SourceDate "1998.11.10"]
[SourceVersion "1"]
[SourceVersionDate "1998.11.10"]
[SourceQuality "1"]

1. d4 Nf6 2. Nf3 g6 3. g3 Bg7 4. Bg2 O-O 5. c4 d6 6. Nc3 Nbd7 7. O-O e5 8. e4
c6 9. h3 Re8 10. Be3 a5 11. Qc2 a4 12. Rad1 exd4 13. Nxd4 Qa5 14. Rfe1 Nc5 15.
Bf4 Bf8 16. b3 axb3 17. axb3 Nh5 18. Bd2 Bg7 19. b4 Qxb4 20. Ncb5 Qa4 21. Nc7
Bxd4 22. Qxa4 Rxa4 23. Nxe8 Nd3 24. Be3 Nxe1 25. Bxd4 Nxg2 26. Kxg2 c5 27. Be3
Bd7 28. Nxd6 Bc6 29. Bxc5 f5 30. Kh2 fxe4 31. Nxb7 Bxb7 32. Rd8+ Kf7 33. Rd7+
Ke6 34. Re7+ Kf6 35. Rxb7 Rxc4 36. Be3 Ng7 37. g4 Ne6 38. Rxh7 Ng5 39. Bxg5+
Kxg5 40. Kg2 Ra4 41. Re7 Rb4 42. Re6 Ra4 43. Rb6 Rc4 44. Rb3 Kf4 45. Rg3 Rc2
46. Ra3 Rc4 47. Ra6 Kg5 48. Re6 Ra4 49. Kf1 Ra1+ 50. Ke2 Rh1 51. Rxe4 Rxh3 52.
f3 Rh1 53. Rd4 Ra1 54. Kf2 Ra3 55. Re4 Ra1 56. Kg3 Rg1+ 57. Kh3 Rh1+ 58. Kg2
Ra1 59. Re6 Rb1 60. Kf2 Ra1 61. Re1 Ra3 62. Rd1 Kf4 63. Rd4+ Kg5 64. Kg3 Rb3
65. Rd5+ Kf6 66. g5+ Ke6 67. Ra5 Rc3 68. Kg4 Rc4+ 69. f4 Rc3 70. Ra7 Rc1 71.
Rg7 Rg1+ 72. Kf3 Rf1+ 73. Kg3 Kf5 74. Rf7+ Ke4 75. Re7+ Kd5 76. Rg7 Ke4 77.
Rxg6 Rxf4 78. Re6+ Kd5 79. Re8 Rb4 80. Kf3 Kd6 81. g6 Rb7 82. Kg4 Re7 83. Rxe7
1-0

[Event "Statoil Cup"]
[Site "Denmark"]
[Date "1995.??.??"]
[Round "7"]
[White "Ostergaard, Rasmus"]
[Black "Fancsy, Imre"]
[Result "0-1"]
[WhiteElo "2180"]
[BlackElo "2365"]
[PlyCount "94"]
[EventDate "1995.??.??"]
[EventType "tourn"]
[EventRounds "9"]
[EventCountry "DEN"]
[SourceTitle "EXT 1999"]
[Source "ChessBase"]
[SourceDate "1998.11.10"]
[SourceVersion "1"]
[SourceVersionDate "1998.11.10"]
[SourceQuality "1"]

1. e4 c5 2. Nf3 e6 3. d4 cxd4 4. Nxd4 a6 5. Bd3 Qc7 6. O-O Nf6 7. Qe2 d6 8. c4
g6 9. Nc3 Bg7 10. Nf3 Nc6 11. Bf4 Ne5 12. Nxe5 dxe5 13. Be3 Nd7 14. b4 O-O 15.
Rfc1 Re8 16. c5 Nb8 17. Na4 Nc6 18. Nb6 Rb8 19. Qb2 Rd8 20. Bf1 h6 21. Rc4 Bd7
22. a4 Nd4 23. Rc3 Be8 24. b5 axb5 25. axb5 Bf8 26. Rac1 Kh7 27. f3 Be7 28. Kf2
f5 29. Kg1 g5 30. Bd3 Bg6 31. Qa2 Bf7 32. Qc4 f4 33. Bf2 h5 34. Qa4 g4 35. Qa5
gxf3 36. gxf3 Nxf3+ 37. Kh1 Bg6 38. Qa2 Rxd3 39. Rxd3 Bxe4 40. Rd7 Rg8 41. h4
Nxh4+ 42. Kh2 Rg2+ 43. Kh1 Rg3+ 44. Kh2 Nf3+ 45. Kh1 Ng5+ 46. Kh2 Rh3+ 47. Kg1
Rh1# 0-1

[Event "Statoil Cup"]
[Site "Denmark"]
[Date "1995.??.??"]
[Round "2"]
[White "Ostergaard, Rasmus"]
[Black "Bogdanovich, Grigory"]
[Result "0-1"]
[WhiteElo "2180"]
[BlackElo "2405"]
[PlyCount "74"]
[EventDate "1995.??.??"]
[EventType "tourn"]
[EventRounds "9"]
[EventCountry "DEN"]
[SourceTitle "EXT 1999"]
[Source "ChessBase"]
[SourceDate "1998.11.10"]
[SourceVersion "1"]
[SourceVersionDate "1998.11.10"]
[SourceQuality "1"]

1. e4 c5 2. Nf3 Nf6 3. e5 Nd5 4. Nc3 e6 5. Nxd5 exd5 6. d4 Nc6 7. dxc5 Bxc5 8.
Qxd5 d6 9. exd6 Qb6 10. Qe4+ Be6 11. Bc4 Bxf2+ 12. Ke2 O-O 13. Bxe6 Rae8 14.
Ng5 Rxe6 15. Nxe6 Re8 16. Rf1 Rxe6 17. Qxe6 fxe6 18. Rxf2 Qb5+ 19. Ke1 Qe5+ 20.
Kf1 Qxh2 21. d7 Qh1+ 22. Ke2 h6 23. c3 Qh4 24. Bf4 e5 25. Be3 Qg4+ 26. Kf1 Qxd7
27. Kg1 Qe6 28. b3 b6 29. Rd1 Ne7 30. Rdf1 Nd5 31. Bd2 Nf6 32. Re2 Ng4 33. c4
Qg6 34. Rf3 Qc2 35. Rf8+ Kh7 36. Rd8 Qxa2 37. Rd7 Qxb3 0-1

[Event "Statoil Cup"]
[Site "Denmark"]
[Date "1995.??.??"]
[Round "9"]
[White "Ostergaard, Rasmus"]
[Black "Izsak, Gyula"]
[Result "0-1"]
[WhiteElo "2180"]
[BlackElo "2445"]
[PlyCount "54"]
[EventDate "1995.??.??"]
[EventType "tourn"]
[EventRounds "9"]
[EventCountry "DEN"]
[SourceTitle "EXT 1999"]
[Source "ChessBase"]
[SourceDate "1998.11.10"]
[SourceVersion "1"]
[SourceVersionDate "1998.11.10"]
[SourceQuality "1"]

1. e4 c5 2. Nf3 e6 3. d4 cxd4 4. Nxd4 Nf6 5. Nc3 d6 6. Be2 a6 7. O-O Be7 8. f4
O-O 9. Kh1 e5 10. Nf5 Bxf5 11. exf5 Nc6 12. Be3 exf4 13. Rxf4 d5 14. Qd2 Bb4
15. Rxb4 Nxb4 16. Bc5 d4 17. Bxf8 Qxf8 18. Nd1 Qc5 19. c3 Nc6 20. Bf3 Rd8 21.
Bxc6 bxc6 22. Nf2 Qxf5 23. cxd4 c5 24. Qa5 Rxd4 25. Qxa6 h6 26. Qe2 Qf4 27. Rd1
Qxf2 0-1

[Event "Statoil Cup"]
[Site "Denmark"]
[Date "1995.??.??"]
[Round "4"]
[White "Ostergaard, Rasmus"]
[Black "Bjerring, Kai"]
[Result "0-1"]
[WhiteElo "2180"]
[BlackElo "2380"]
[PlyCount "118"]
[EventDate "1995.??.??"]
[EventType "tourn"]
[EventRounds "9"]
[EventCountry "DEN"]
[SourceTitle "EXT 1999"]
[Source "ChessBase"]
[SourceDate "1998.11.10"]
[SourceVersion "1"]
[SourceVersionDate "1998.11.10"]
[SourceQuality "1"]

1. e4 e5 2. Nf3 d6 3. d4 Nd7 4. Nc3 Be7 5. Bc4 Ngf6 6. O-O O-O 7. Qe2 exd4 8.
Nxd4 Ne5 9. Bb3 c5 10. Nf5 Bxf5 11. exf5 Nc6 12. Nd5 Re8 13. c3 Qd7 14. Qc2 Na5
15. Nxf6+ Bxf6 16. Bd5 Re5 17. Rd1 Rae8 18. Bf4 Re2 19. Qd3 Rxb2 20. Bxd6 b6
21. Qf3 Rbe2 22. Bg3 h6 23. h3 Qe7 24. Bd6 Qxd6 25. Bxf7+ Kxf7 26. Rxd6 Re1+
27. Rxe1 Rxe1+ 28. Kh2 Be5+ 29. g3 Bxd6 30. Qa8 Bc7 31. Qd5+ Kf8 32. f6 gxf6
33. Qd2 Re7 34. Qxh6+ Kf7 35. Kg2 Be5 36. Qd2 Ke6 37. f4 Bd6 38. Qe2+ Kd7 39.
Qg4+ Kc6 40. Qg6 Nc4 41. Qxf6 Ne3+ 42. Kf3 Nd5 43. Qh8 Re3+ 44. Kf2 c4 45. h4
Rxc3 46. h5 Rc2+ 47. Kf3 Rh2 48. Ke4 Rxh5 49. Qa8+ Kc5 50. g4 Nf6+ 51. Kf3 Rh3+
52. Kg2 Rc3 53. Qc8+ Kd4 54. g5 Nd5 55. f5 Nf4+ 56. Kf1 Rf3+ 57. Ke1 Nd3+ 58.
Ke2 Rf2+ 59. Kd1 Kc3 0-1

[Event "Statoil Cup"]
[Site "Denmark"]
[Date "1995.??.??"]
[Round "9"]
[White "Pilgaard, Kim"]
[Black "Christensen, Esben"]
[Result "1-0"]
[WhiteElo "2305"]
[BlackElo "2175"]
[PlyCount "69"]
[EventDate "1995.??.??"]
[EventType "tourn"]
[EventRounds "9"]
[EventCountry "DEN"]
[SourceTitle "EXT 1999"]
[Source "ChessBase"]
[SourceDate "1998.11.10"]
[SourceVersion "1"]
[SourceVersionDate "1998.11.10"]
[SourceQuality "1"]

1. e4 c5 2. Nf3 d6 3. d4 cxd4 4. Nxd4 Nf6 5. Nc3 a6 6. Bc4 e6 7. Bb3 Nbd7 8. f4
Nc5 9. Qf3 Be7 10. f5 e5 11. Nde2 b5 12. Bd5 Nxd5 13. Nxd5 Bb7 14. Nec3 Na4 15.
a3 Nxc3 16. Nxc3 Rc8 17. Bd2 Rc4 18. O-O O-O 19. Qg4 f6 20. Rf3 d5 21. Rg3 Rf7
22. b3 Rc5 23. exd5 Bxd5 24. Rd1 Bf8 25. Rd3 Rd7 26. Be3 e4 27. Nxe4 Rxc2 28.
Rxd5 Rxd5 29. Rxd5 Qa5 30. Rd1 Qxa3 31. Nxf6+ Kh8 32. Qh4 h6 33. Nd7 Qxb3 34.
Qd4 Bd6 35. Bxh6 1-0

[Event "Statoil Cup"]
[Site "Denmark"]
[Date "1995.??.??"]
[Round "3"]
[White "Pilgaard, Kim"]
[Black "Ostergaard, Rasmus"]
[Result "1-0"]
[WhiteElo "2305"]
[BlackElo "2180"]
[PlyCount "97"]
[EventDate "1995.??.??"]
[EventType "tourn"]
[EventRounds "9"]
[EventCountry "DEN"]
[SourceTitle "EXT 1999"]
[Source "ChessBase"]
[SourceDate "1998.11.10"]
[SourceVersion "1"]
[SourceVersionDate "1998.11.10"]
[SourceQuality "1"]

1. e4 c5 2. Nf3 d6 3. d4 cxd4 4. Nxd4 Nf6 5. Nc3 Nc6 6. Bg5 e6 7. Qd2 Be7 8.
O-O-O O-O 9. Nb3 Qb6 10. f3 Rd8 11. Be3 Qc7 12. Bf4 a6 13. g4 Ne5 14. Qf2 Nfd7
15. h4 b5 16. Bg5 f6 17. Be3 Rb8 18. g5 b4 19. Ne2 Nc4 20. Nf4 Nxe3 21. Qxe3
Nf8 22. Nh5 Qb6 23. Qd2 fxg5 24. hxg5 d5 25. e5 a5 26. Nf6+ Bxf6 27. gxf6 g6
28. Qh6 Rd7 29. Bd3 Ba6 30. Bxg6 hxg6 31. Qh8+ Kf7 32. Qg7+ Ke8 33. Rh8 Rxg7
34. fxg7 Ke7 35. g8=Q Qe3+ 36. Kb1 Qxe5 37. Nxa5 Kd6 38. Rh7 Qe2 39. Rc1 Rc8
40. Rf7 Nd7 41. Qg7 Ne5 42. Ra7 Nxf3 43. Rd7+ Kc5 44. Nb3+ Kb6 45. Rd6+ Rc6 46.
Qd7 Bb5 47. Qd8+ Kb7 48. Rd7+ Ka6 49. Qa5# 1-0

[Event "Statoil Cup"]
[Site "Denmark"]
[Date "1995.??.??"]
[Round "1"]
[White "Pilgaard, Kim"]
[Black "Bjerring, Kai"]
[Result "1-0"]
[WhiteElo "2305"]
[BlackElo "2380"]
[PlyCount "137"]
[EventDate "1995.??.??"]
[EventType "tourn"]
[EventRounds "9"]
[EventCountry "DEN"]
[SourceTitle "EXT 1999"]
[Source "ChessBase"]
[SourceDate "1998.11.10"]
[SourceVersion "1"]
[SourceVersionDate "1998.11.10"]
[SourceQuality "1"]

1. e4 Nf6 2. e5 Nd5 3. d4 d6 4. c4 Nb6 5. f4 dxe5 6. fxe5 Nc6 7. Be3 Bf5 8. Nc3
e6 9. Nf3 Bg4 10. Qd2 Qd7 11. Be2 O-O-O 12. Rd1 f6 13. exf6 Bxf3 14. gxf3 gxf6
15. O-O Bc5 16. d5 Bxe3+ 17. Qxe3 exd5 18. Nxd5 Kb8 19. Kh1 Rhe8 20. Qf2 Nxd5
21. Rxd5 Qe6 22. Rxd8+ Rxd8 23. Re1 Re8 24. Rg1 Qf5 25. Bd1 Qf4 26. b3 a5 27.
Rg4 Qc1 28. Rg1 Qf4 29. Rg4 Qc1 30. Rg1 Qc3 31. Qc2 Qd4 32. Qxh7 Nb4 33. Qg6
Rd8 34. Qg2 Nd3 35. Rf1 Nf4 36. Qc2 b6 37. a3 Qd6 38. c5 bxc5 39. Qc4 Qd3 40.
Bc2 Qxc4 41. bxc4 c6 42. Rd1 Rd4 43. Bb3 Kc7 44. h4 Kd6 45. Kh2 f5 46. Kg3 Nh5+
47. Kf2 Ke5 48. Re1+ Kf4 49. Rd1 Ke5 50. Re1+ Kf6 51. Rd1 Rxh4 52. Rd6+ Ke5 53.
Rxc6 Kd4 54. Kg2 Kc3 55. Rb6 Rd4 56. Rb5 Nf4+ 57. Kg3 Ne2+ 58. Kh3 Rd8 59. Ba4
Kxc4 60. Rxa5 Kd4 61. Bd1 Rh8+ 62. Kg2 Nf4+ 63. Kg1 Rg8+ 64. Kf1 Nd5 65. Kf2
Rh8 66. Ra7 f4 67. Rd7 Rh2+ 68. Kg1 Ra2 69. Rxd5+ 1-0

[Event "Statoil Cup"]
[Site "Denmark"]
[Date "1995.??.??"]
[Round "5"]
[White "Pilgaard, Kim"]
[Black "Dongart, Dennis"]
[Result "1-0"]
[WhiteElo "2305"]
[BlackElo "2180"]
[PlyCount "43"]
[EventDate "1995.??.??"]
[EventType "tourn"]
[EventRounds "9"]
[EventCountry "DEN"]
[SourceTitle "EXT 1999"]
[Source "ChessBase"]
[SourceDate "1998.11.10"]
[SourceVersion "1"]
[SourceVersionDate "1998.11.10"]
[SourceQuality "1"]

1. e4 c6 2. d4 d5 3. e5 Bf5 4. Nf3 e6 5. Be2 c5 6. Be3 cxd4 7. Nxd4 Ne7 8. c4
Nbc6 9. Qa4 Qd7 10. Nb5 Ng6 11. N1c3 Bb4 12. g4 Be4 13. f3 Bxf3 14. Bxf3 Ngxe5
15. cxd5 Bxc3+ 16. Kf2 Nd4 17. Nc7+ Ke7 18. Qa3+ Qd6 19. Qxc3 Nexf3 20. Nxa8
Rxa8 21. Bxd4 Ng5 22. Qa3 1-0

[Event "Statoil Cup"]
[Site "Denmark"]
[Date "1995.??.??"]
[Round "5"]
[White "Ziegler, Ari"]
[Black "Ostergaard, Rasmus"]
[Result "1-0"]
[WhiteElo "2305"]
[BlackElo "2180"]
[PlyCount "85"]
[EventDate "1995.??.??"]
[EventType "tourn"]
[EventRounds "9"]
[EventCountry "DEN"]
[SourceTitle "EXT 1999"]
[Source "ChessBase"]
[SourceDate "1998.11.10"]
[SourceVersion "1"]
[SourceVersionDate "1998.11.10"]
[SourceQuality "1"]

1. d4 Nf6 2. c4 e6 3. Nc3 Bb4 4. Qc2 O-O 5. a3 Bxc3+ 6. Qxc3 b6 7. Bg5 c5 8.
dxc5 bxc5 9. e3 d6 10. Bd3 Nbd7 11. Ne2 Rb8 12. O-O h6 13. Bf4 Qb6 14. Rab1 Nh5
15. b4 Bb7 16. Rfd1 Nxf4 17. Nxf4 Nf6 18. Be2 Rfd8 19. bxc5 Qxc5 20. Rb5 Qc7
21. Qa5 Qxa5 22. Rxa5 a6 23. f3 Kf8 24. Nd3 Nd7 25. Rb1 Rdc8 26. Ra4 Ke7 27.
Kf2 Bc6 28. Rxb8 Nxb8 29. Ra5 Bb7 30. c5 Rc6 31. e4 Nd7 32. cxd6+ Rxd6 33. Ke3
Nb6 34. Nc5 Bc8 35. Nxa6 Nd7 36. Nb4 Rb6 37. Kd4 Kd6 38. e5+ Kc7 39. Bb5 g5 40.
Bxd7 Kxd7 41. Ra7+ Bb7 42. Kc5 Kc7 43. a4 1-0

[Event "Statoil Cup"]
[Site "Denmark"]
[Date "1995.??.??"]
[Round "7"]
[White "Ziegler, Ari"]
[Black "Dongart, Dennis"]
[Result "1-0"]
[WhiteElo "2305"]
[BlackElo "2180"]
[PlyCount "61"]
[EventDate "1995.??.??"]
[EventType "tourn"]
[EventRounds "9"]
[EventCountry "DEN"]
[SourceTitle "EXT 1999"]
[Source "ChessBase"]
[SourceDate "1998.11.10"]
[SourceVersion "1"]
[SourceVersionDate "1998.11.10"]
[SourceQuality "1"]

1. d4 Nf6 2. c4 g6 3. Nc3 d5 4. cxd5 Nxd5 5. e4 Nxc3 6. bxc3 Bg7 7. Nf3 c5 8.
Rb1 O-O 9. Be2 Nc6 10. d5 Ne5 11. Nxe5 Bxe5 12. Qd2 Qa5 13. Rb3 Bd7 14. O-O b5
15. f4 c4 16. fxe5 cxb3 17. axb3 Rac8 18. Bb2 e6 19. Kh1 Rc7 20. b4 Qb6 21. Qh6
Rfc8 22. Rxf7 Kxf7 23. Qxh7+ Kf8 24. Bc1 Bc6 25. Bh6+ Rg7 26. Qxg7+ Ke8 27.
Qf8+ Kd7 28. Qd6+ Ke8 29. Qxe6+ Kd8 30. d6 Rc7 31. Bg5+ 1-0

[Event "Statoil Cup"]
[Site "Denmark"]
[Date "1995.??.??"]
[Round "2"]
[White "Ziegler, Ari"]
[Black "Pilgaard, Kim"]
[Result "1-0"]
[WhiteElo "2305"]
[BlackElo "2305"]
[PlyCount "81"]
[EventDate "1995.??.??"]
[EventType "tourn"]
[EventRounds "9"]
[EventCountry "DEN"]
[SourceTitle "EXT 1999"]
[Source "ChessBase"]
[SourceDate "1998.11.10"]
[SourceVersion "1"]
[SourceVersionDate "1998.11.10"]
[SourceQuality "1"]

1. d4 Nf6 2. c4 e6 3. Nc3 Bb4 4. Qc2 O-O 5. a3 Bxc3+ 6. Qxc3 b6 7. Bg5 Bb7 8.
f3 h6 9. Bh4 d5 10. e3 Re8 11. Bd3 Nbd7 12. cxd5 exd5 13. Bf5 Nf8 14. Ne2 Ba6
15. Rd1 Qe7 16. Bf2 c5 17. Rd2 Ne6 18. Bxe6 fxe6 19. Bg3 Rac8 20. Qb3 Bc4 21.
Qd1 Nd7 22. O-O e5 23. Re1 cxd4 24. exd4 e4 25. fxe4 dxe4 26. d5 Qc5+ 27. Rd4
Bd3 28. b4 Qc2 29. Qxc2 Bxc2 30. d6 g5 31. h4 Bd3 32. hxg5 hxg5 33. Rd5 g4 34.
Rg5+ Kf7 35. Rxg4 Rg8 36. Rf1+ Nf6 37. Rgf4 Bxe2 38. Rxf6+ Ke8 39. Re6+ Kd7 40.
Re7+ Kd8 41. Bh4 1-0